Obálka Náhled e-knihy:
PDF Epub
Pro půjčování e-knih musíte být přihlášeni.
Jak si půjčit online?

Okraj nebe /

Temný krimi thriller ze Šluknovska, v němž kriminalistka Elen řeší nález mrtvého novorozence, a zároveň čelí vlastní temné minulosti.

Uloženo v:
Hlavní autor: Naušová, Evita, 1971- (Autor)
Médium: E-kniha
Jazyk:Czech
Vydáno: V Praze : Motto, 2025
Vydání:1. vydání
Témata:
Tagy:
Žádné tagy
LEADER 02404nam a2200433 i 4500
001 312840
003 CZ PrSKC
005 20260601215729.0
007 ta
008 251013s2025 xr g 000 f cze
015 |a cnb003711509 
020 |a 9788026729648  |q (vázáno) :  |c Kč 449,00 
035 |a (OCoLC)1559932584 
040 |a ABG001  |b cze  |e rda 
072 7 |a 821.162.3-3  |x Česká próza  |2 Konspekt 
080 |a 821.162.3-31  |2 MRF 
080 |a (0:82-312.4)  |2 MRF 
100 1 |a Naušová, Evita,  |d 1971-  |7 jn20000401837  |4 aut 
245 1 0 |a Okraj nebe /  |c Evita Naušová 
250 |a 1. vydání 
264 1 |a V Praze :  |b Motto,  |c 2025 
300 |a 387 stran ;  |c 21 cm 
336 |a text  |b txt  |2 rdacontent 
337 |a bez média  |b n  |2 rdamedia 
338 |a svazek  |b nc  |2 rdacarrier 
500 |a Obálkový podnázev: temný krimi thriller ze Šluknovska 
520 2 |a Temný krimi thriller ze Šluknovska, v němž kriminalistka Elen řeší nález mrtvého novorozence, a zároveň čelí vlastní temné minulosti.  |b Elen se pokouší zachránit to, co z jejího života zbylo. Její dospívající dcera Viky přežívá jen skrze bolest. Bývalá učitelka Vilma ztratila blízké i důstojnost. Všechny stojí na hraně a stačí málo, aby přepadly na špatnou stranu. Když je kriminalistka Elen povolaná do Varnsdorfu k ostatkům novorozence, vzápětí jiné dítě zachrání. V kraji, který nespí a otevírá staré rány, však není radno domáhat se pravdy. Elen musí nejprve odkrýt vlastní zjizvenou minulost, aby mohla poskytnout pomoc druhým. Nakladatelská anotace. 
655 7 |a české romány  |7 fd133974  |2 czenas 
655 7 |a detektivní romány  |7 fd132010  |2 czenas 
655 7 |a thrillery (romány)  |7 fd184206  |2 czenas 
655 9 |a Czech fiction  |2 eczenas 
655 9 |a detective novels  |2 eczenas 
655 9 |a thrillers (novels)  |2 eczenas 
900 |a ABA001  |b 19 
928 9 |a Albatros Media - Motto 
044 |a xr 
910 |a RBIT002 
998 |d 422931  |a https://core.palmknihy.cz/api/books/422931/cover?t3ubl1  |b https://core.palmknihy.cz/api/books/422931/cover/400?t3ubl1  |c https://core.palmknihy.cz/api/books/422931/cover/50?t3ubl1  |e 2035-12-31  |g 392  |i 9788026729648  |j https://core.palmknihy.cz/api/books/422931/preview.epub  |k https://core.palmknihy.cz/api/books/422931/preview.pdf  |l   |q 49  |r 1  |s https://www.palmknihy.cz/kniha/422931  |t ebook  |y 2025  |z 0 
999 |d 312838